20 Television Mistakes Quiz Stats

 Plays Quiz Retired Oct 5, 2021

Support Sporcle.
Go Orange.
Score 0/20 Timer 06:00
3 Plays Today
% Correct
SpongeBob SquarePants
99.6%
South Park
96%
The Simpsons
95.6%
Star Trek: The Next Generation
94.8%
Friends
94.4%
The Big Bang Theory
94.1%
How I Met Your Mother
90.3%
Family Guy
89.9%
The Fresh Prince of Bel-Air
89%
Seinfeld
85%
% Correct
24
83%
M*A*S*H
80%
The X-Files
76.4%
Buffy the Vampire Slayer
71.9%
Star Wars: The Clone Wars
71.4%
Scrubs
71.1%
Charmed
39.8%
Sex and the City
34.4%
Angel
29.4%
Lost
25.3%

From the Vault

Movie Quotes in Spanish

by posey4prez

Movies 7m
Your high school Spanish teacher will be so proud of you.
Remove Ads.
Support Sporcle.
Get the best of Sporcle when you Go Orange. This ad-free experience offers more features, more stats, and more fun while also helping to support Sporcle. Thank you for becoming a member.

Show Comments

Extras

Top Quizzes Today


Score Distribution

Your Account Isn't Verified!

In order to create a playlist on Sporcle, you need to verify the email address you used during registration. Go to your Sporcle Settings to finish the process.

Report this User

Report this user for behavior that violates our Community Guidelines.

Details: